[Event "Let's Play Chess!"]
[Site "http://www.queenalice.com/game.php?id=1221550"]
[Date "2013.10.2"]
[Round "-"]
[White "greatbuddy"]
[Black "charles31"]
[Result "0-1"]
[WhiteElo "1100"]
[BlackElo "1764"]

1. d4 d5 2. Nf3 h6 3. Nc3 Nc6 4. e4 dxe4 5. Nxe4 Bg4 6. Bc4 e6 7. d5 Bxf3 8.
Qxf3 exd5 9. Bb5 dxe4 10. Qxe4+ Be7 11. O-O Nf6 12. Qa4 O-O 13. Bd3 Qd6 14. c4
Qxd3 15. Rd1 Qf5 16. Be3 Ne4 17. Rd5 Qf6 18. Rb1 b6 19. Rd7 Rad8 20. Rxc7 Nd4
21. Rxa7 Ne2+ 22. Kh1 Nxf2+ 23. Bxf2 Qxf2 24. h4 Qxh4# 0-1

[Event "AUTO-OPEN-3092"]
[Site "http://www.queenalice.com/game.php?id=1221605"]
[Date "2013.10.2"]
[Round "1"]
[White "kykobr"]
[Black "greatbuddy"]
[Result "0-1"]
[WhiteElo "1616"]
[BlackElo "1100"]

1. e4 d5 2. exd5 Qxd5 3. Nc3 Qd8 4. Nf3 Nc6 5. Bb5 Bg4 6. O-O e6 7. d4 Bd6 8. h3
Bf5 9. Bxc6+ bxc6 10. Ne5 Ne7 11. f4 O-O 12. Ne2 c5 13. c3 cxd4 14. Nxd4 Bc5 15.
Be3 Nd5 16. Nxf5 exf5 17. Bxc5 Re8 18. Qh5 g6 19. Qh6 Nf6 20. Nf3 Re2 21. Rfe1
Rxb2 22. Ng5 Qd2 23. Nf3 Qxg2# 0-1

[Event "AUTO-OPEN-3092"]
[Site "http://www.queenalice.com/game.php?id=1221606"]
[Date "2013.10.2"]
[Round "1"]
[White "greatbuddy"]
[Black "kykobr"]
[Result "0-1"]
[WhiteElo "1100"]
[BlackElo "1591"]

1. e4 c5 2. d4 cxd4 3. Qxd4 Nc6 4. Qd1 e6 5. Nf3 Bb4+ 6. Bd2 Bxd2+ 7. Qxd2 Nge7
8. Qg5 O-O 9. Be2 h6 10. Qc1 Qc7 11. O-O Qb6 12. Nc3 Nd4 13. Nd2 e5 14. Re1 f6
15. Na4 Nxe2+ 16. Rxe2 Qb5 17. Nc3 Qc6 18. Nb3 d5 19. exd5 Nxd5 20. Ne4 Nf4 21.
Re1 Bf5 22. Na5 Qa4 23. Nxb7 Qc6 24. Ned6 Qxg2# 0-1

[Event "AUTO-OPEN-3092"]
[Site "http://www.queenalice.com/game.php?id=1221621"]
[Date "2013.10.2"]
[Round "1"]
[White "wedmarques"]
[Black "greatbuddy"]
[Result "1-0"]
[WhiteElo "1541"]
[BlackElo "1100"]

1. b3 e5 2. e4 d5 3. exd5 Qxd5 4. Nc3 Qd8 5. Nf3 Nc6 6. Bb5 Bd7 7. O-O Bd6 8.
Re1 Nf6 9. Bxc6 Bxc6 10. Nxe5 a6 11. Nxc6+ 1-0

[Event "AUTO-OPEN-3092"]
[Site "http://www.queenalice.com/game.php?id=1221622"]
[Date "2013.10.2"]
[Round "1"]
[White "greatbuddy"]
[Black "wedmarques"]
[Result "0-1"]
[WhiteElo "1145"]
[BlackElo "1666"]

1. e4 e5 2. d4 exd4 3. Qxd4 Nc6 4. Qd1 Bc5 5. Nf3 Nge7 6. Bg5 d6 7. Nc3 Be6 8.
Nb5 O-O 9. Qe2 a6 10. Nc3 Qd7 11. e5 dxe5 12. Ne4 Ba7 13. Nh4 Bg4 14. f3 Bh5 15.
Nd2 Rad8 16. g4 Bg6 17. Nxg6 fxg6 18. Qc4+ Kh8 19. Be2 h6 20. Bh4 Qxd2+ 21. Kf1
Nd5 22. Bf2 Bxf2 23. Kxf2 Qe3+ 24. Kf1 Nf4 25. Re1 Nh3 26. Rd1 Qf2# 0-1

[Event "Let's Play Chess!"]
[Site "http://www.queenalice.com/game.php?id=1224114"]
[Date "2013.10.17"]
[Round "-"]
[White "greatbuddy"]
[Black "Abstro"]
[Result "0-1"]
[WhiteElo "1200"]
[BlackElo "2009"]

1. e4 e5 2. d4 exd4 3. Qxd4 Nc6 4. Qd1 d6 5. Nf3 Bg4 6. Be2 Nf6 7. Bg5 Be7 8.
Bc4 Ne5 9. Bb5+ c6 10. Ba4 Nxe4 11. Bxe7 Qxe7 12. O-O O-O 13. Qe2 Nc5 14. Nc3
Nxf3+ 15. Qxf3 Bxf3 16. gxf3 Ne6 17. Rfe1 Qg5+ 18. Kh1 a5 19. Ne4 Qf4 20. Re3
Nd4 21. Nd2 Nxf3 22. Nxf3 Qxa4 23. Re2 Qg4 24. Re3 Rfe8 25. Rd3 Re2 26. Ng1 Rxf2
27. Rg3 Qe4+ 28. Nf3 Rxf3 29. Kg1 Rxg3+ 30. Kf1 Qf4+ 31. Ke1 Re8+ 32. Kd1 Rg1#
0-1

[Event "AUTO-BEG-596"]
[Site "http://www.queenalice.com/game.php?id=1234489"]
[Date "2013.11.22"]
[Round "1"]
[White "greatbuddy"]
[Black "Legionnaire"]
[Result "0-1"]
[WhiteElo "1185"]
[BlackElo "1519"]

1. e4 e5 2. d4 exd4 3. Qxd4 Nc6 4. Qd1 d6 5. Nf3 Bg4 6. Be2 Nf6 7. Nc3 Be7 8. h3
Bh5 9. O-O O-O 10. a3 Bxf3 11. Bxf3 Ne5 12. Be2 a6 13. Be3 c6 14. Na4 Ned7 15.
Bh5 Nxe4 0-1

[Event "AUTO-BEG-596"]
[Site "http://www.queenalice.com/game.php?id=1234490"]
[Date "2013.11.22"]
[Round "1"]
[White "Legionnaire"]
[Black "greatbuddy"]
[Result "1-0"]
[WhiteElo "1516"]
[BlackElo "1188"]

1. e4 e5 2. Nf3 d5 3. exd5 Qxd5 4. Nc3 Qd6 5. d3 Nf6 6. Be2 Be7 7. O-O Nc6 8. h3
O-O 9. Bg5 h6 10. Bh4 e4 11. Nxe4 Nxe4 12. dxe4 Qg6 13. Bb5 Qxe4 14. Bxc6 Qxc6
15. Bxe7 Re8 16. Bh4 Qg6 17. Qd2 Bf5 18. c3 Re7 19. Bxe7 1-0

[Event "AUTO-BEG-596"]
[Site "http://www.queenalice.com/game.php?id=1234492"]
[Date "2013.11.22"]
[Round "1"]
[White "areis"]
[Black "greatbuddy"]
[Result "1-0"]
[WhiteElo "1921"]
[BlackElo "1215"]

1. d4 d5 2. Nf3 Nc6 3. Bf4 Nf6 4. e3 e6 5. Nbd2 Bb4 6. c3 Be7 7. Be2 O-O 8. h3
h6 9. O-O a6 10. c4 dxc4 11. Nxc4 Ne4 12. a3 Nb8 13. Rc1 b5 14. Ncd2 Nf6 15.
Bxc7 Qd5 16. b4 Nc6 17. Bb6 Nh5 18. Bc5 Bxc5 19. Rxc5 Qd6 20. Ne4 Qe7 21. Rxh5
Qe8 22. Rc5 Na7 23. Qb3 Bb7 24. Nd6 Qb8 25. Nxb7 Qxb7 26. Ne5 Nc8 27. Bf3 Qb8
28. Nd7 Qd6 29. Nxf8 Kxf8 30. Bxa8 Qb6 31. Rxc8+ 1-0

[Event "AE IV"]
[Site "http://www.queenalice.com/game.php?id=1235148"]
[Date "2013.11.25"]
[Round "-"]
[White "perucona"]
[Black "greatbuddy"]
[Result "1-0"]
[WhiteElo "1343"]
[BlackElo "1138"]

1. e4 e5 2. d4 d6 3. d5 Nf6 4. Nc3 Bg4 5. f3 Bd7 6. Bg5 h6 7. Bxf6 Qxf6 8. Nge2
Be7 9. Ng3 Qh4 10. Bb5 O-O 11. Bxd7 Nxd7 12. O-O 1-0

[Event "AE LVII"]
[Site "http://www.queenalice.com/game.php?id=1235192"]
[Date "2013.11.25"]
[Round "-"]
[White "perucona"]
[Black "greatbuddy"]
[Result "1-0"]
[WhiteElo "1334"]
[BlackElo "1147"]

1. e4 e5 2. d4 d5 3. dxe5 d4 4. Nf3 Nc6 5. Na3 Bb4+ 6. Bd2 Bc5 7. c3 dxc3 8.
bxc3 Nge7 9. Be3 Bxe3 10. fxe3 O-O 11. Qe2 a6 12. g3 1-0

[Event "AUTO-OPEN-3134"]
[Site "http://www.queenalice.com/game.php?id=1237150"]
[Date "2013.12.2"]
[Round "1"]
[White "greatbuddy"]
[Black "Narizinho"]
[Result "0-1"]
[WhiteElo "1241"]
[BlackElo "1331"]

1. e4 e5 2. d4 exd4 3. Qxd4 Nc6 4. Qd5 Nf6 5. Qd1 Nxe4 6. Nf3 Be7 7. Bd3 Nf6 8.
O-O O-O 9. Nc3 a6 10. a3 d5 11. Na4 b5 12. Nc3 d4 13. Ne2 Bd6 14. Ng5 Nb8 0-1

[Event "AUTO-OPEN-3134"]
[Site "http://www.queenalice.com/game.php?id=1237151"]
[Date "2013.12.2"]
[Round "1"]
[White "Narizinho"]
[Black "greatbuddy"]
[Result "1-0"]
[WhiteElo "1322"]
[BlackElo "1227"]

1. e4 e5 2. Nf3 Nc6 3. Bb5 Be7 4. O-O d5 5. exd5 Qxd5 6. Nc3 Qe6 7. a4 Qg6 8. d3
Nf6 9. Ne2 O-O 10. Bg5 Ng4 11. c3 Bxg5 12. c4 Nb4 13. Nd2 Qxd3 14. a5 Nc2 15.
Rb1 Nb4 16. Ng3 1-0

[Event "AUTO-OPEN-3134"]
[Site "http://www.queenalice.com/game.php?id=1237152"]
[Date "2013.12.2"]
[Round "1"]
[White "greatbuddy"]
[Black "ACamargo"]
[Result "0-1"]
[WhiteElo "1227"]
[BlackElo "1863"]

1. e4 e5 2. d4 exd4 3. Qxd4 Nc6 4. Qd5 Nf6 5. Qd1 d6 6. Nf3 Bg4 7. Be2 Be7 8.
O-O h6 9. h3 Be6 10. a3 a6 11. Nc3 O-O 12. Bd2 Ne5 13. Nh4 Nxe4 14. Nxe4 Bxh4
15. Ba5 b6 16. Bd2 Nc4 17. Bc3 d5 18. Ng3 Bxg3 19. fxg3 Ne3 20. Qc1 Nxf1 21.
Bxf1 c5 22. Qf4 d4 23. Bd2 b5 24. Qe5 Qb6 25. Qf4 Rfe8 26. Bd3 c4 27. Be4 Rad8
0-1

[Event "AUTO-OPEN-3134"]
[Site "http://www.queenalice.com/game.php?id=1237153"]
[Date "2013.12.2"]
[Round "1"]
[White "ACamargo"]
[Black "greatbuddy"]
[Result "1-0"]
[WhiteElo "1941"]
[BlackElo "1254"]

1. d4 d5 2. c4 dxc4 3. Nc3 Nf6 4. e4 e5 5. d5 Bb4 6. Qa4+ Bd7 7. Qxb4 b6 8. Bxc4
a5 9. Qb3 a4 10. Qa3 c6 11. dxc6 Nxc6 12. Be3 Ng4 13. Bd2 Qh4 14. g3 Qf6 15. Nh3
Nd4 16. Rc1 Nh6 17. Ng5 Nf3+ 18. Nxf3 Ng4 19. Nd5 Qc6 20. Qe7# 1-0

[Event "TINA II"]
[Site "http://www.queenalice.com/game.php?id=1237488"]
[Date "2013.12.4"]
[Round "-"]
[White "rogeriooliveira"]
[Black "greatbuddy"]
[Result "1-0"]
[WhiteElo "1454"]
[BlackElo "1110"]

1. e4 e5 2. d4 exd4 3. Qxd4 Nc6 4. Qd5 d6 5. Nf3 Nf6 6. Qd3 d5 7. Qe2 dxe4 8.
Ng5 Qd7 9. Bf4 Bb4+ 10. Nc3 Nd4 11. Qd2 O-O 12. O-O-O Ng4 13. f3 1-0